The Logic of scientific discovery / (Record no. 16574)

MARC details
000 -LEADER
fixed length control field 01170cam a2200337 i 4500
001 - CONTROL NUMBER
control field 012615924
003 - CONTROL NUMBER IDENTIFIER
control field EG-ScBUE
005 - DATE AND TIME OF LATEST TRANSACTION
control field 20240820120634.0
008 - FIXED-LENGTH DATA ELEMENTS--GENERAL INFORMATION
fixed length control field 030113s2002 enka f b 001 0 eng d
020 ## - INTERNATIONAL STANDARD BOOK NUMBER
International Standard Book Number 0415278449 (pbk)
020 ## - INTERNATIONAL STANDARD BOOK NUMBER
International Standard Book Number 9780415278447
040 ## - CATALOGING SOURCE
Original cataloging agency UkCU
Language of cataloging eng
Description conventions rda
Transcribing agency EG-ScBUE
Modifying agency Uk
-- EG-ScBUE
041 1# - LANGUAGE CODE
Language code of text/sound track or separate title eng
Language code of original and/or intermediate translations of text ger
082 04 - DEWEY DECIMAL CLASSIFICATION NUMBER
Classification number 501
Edition number 22
Item number POP
100 1# - MAIN ENTRY--PERSONAL NAME
Personal name Popper, Karl R.
Fuller form of name (Karl Raimund),
Dates associated with a name 1902-1994,
Relator term author.
9 (RLIN) 29346
240 10 - UNIFORM TITLE
Uniform title <a href="Logik der Forschung.">Logik der Forschung.</a>
Language of a work English
245 14 - TITLE STATEMENT
Title The Logic of scientific discovery /
Statement of responsibility, etc Karl Popper.
264 #1 - PUBLICATION, DISTRIBUTION, ETC. (IMPRINT)
Place of publication, distribution, etc Oxon ;
-- New York :
Name of publisher, distributor, etc Routledge,
Date of publication, distribution, etc 2002.
300 ## - PHYSICAL DESCRIPTION
Extent xxvii, 513 pages :
Other physical details illustrations ;
Dimensions 21 cm.
336 ## - CONTENT TYPE
Source rdacontent
Content type term text
Content type code txt
337 ## - MEDIA TYPE
Media type term unmediated
Source rdamedia
Media type code n
338 ## - CARRIER TYPE
Carrier type term volume
Carrier type code nc
Source rdacarrier
490 0# - SERIES STATEMENT
Series statement Routledge classics
500 ## - GENERAL NOTE
General note First English ed. published: London: Hutchinson & Co., 1959.
504 ## - BIBLIOGRAPHY, ETC. NOTE
Bibliography, etc Includes bibliographical references and index.
546 ## - LANGUAGE NOTE
Language note Text in English ; translated from the original German.
650 #7 - SUBJECT ADDED ENTRY--TOPICAL TERM
Topical term or geographic name as entry element Science
General subdivision Methodology.
9 (RLIN) 29348
Source of heading or term BUEsh
653 ## - INDEX TERM--UNCONTROLLED
Arrived date list March2012
-- October2016
Resource For college BAEPS, Economics
655 ## - INDEX TERM--GENRE/FORM
Form subdivision Reading book
942 ## - ADDED ENTRY ELEMENTS (KOHA)
Source of classification or shelving scheme Dewey Decimal Classification
Koha item type Book - Borrowing
Holdings
Withdrawn status Lost status Source of classification or shelving scheme Damaged status Not for loan Collection code Home library Current library Shelving location Date acquired Source of acquisition Total Checkouts Full call number Barcode Date last seen Price effective from Koha item type Total Renewals Date checked out Cost, normal purchase price
    Dewey Decimal Classification     Baccah Central Library Central Library First floor 12/03/2012     501 POP 000026405 15/07/2025 12/03/2012 NB - Book (Non borrowing)      
    Dewey Decimal Classification     Baccah Central Library Central Library First floor 12/03/2012     501 POP 000026406 15/07/2025   Book - Borrowing      
    Dewey Decimal Classification     Baccah Central Library Central Library First floor 12/03/2012   3 501 POP 000026407 15/07/2025   Book - Borrowing 31 24/12/2019  
    Dewey Decimal Classification     Baccah Central Library Central Library First floor 17/11/2013     501 POP 000035106 15/07/2025   Book - Borrowing      
    Dewey Decimal Classification     Baccah Central Library Central Library First floor 10/10/2016 Purchase 2 501 POP 000033966 15/07/2025   Book - Borrowing   07/02/2017 200.00